000
00332nam a2200145 a 4500
008
970114s1976||||xx 0 und c
040
_a
SNK
_b
slo
_c
SNK
_e
AACR2
100
1
_a
Mitana, Dušan
245
1
0
_a
Nočné správy
260
_a
Bratislava
_b
Smena
_c
1976
300
_a
86 s.
020
_c
11
041
_a
slo
044
_a
xo
_c
SK
999
_c
12260
_d
12260